Wszystkie przystanki tramwajowe linii numer 23 we Wrocławiu - Statystyki

Ogólne statystyki
  • Ten quiz został rozwiązany 11 razy
  • Średni wynik to 22 z 35
Statystyki odpowiedzi
Hint Odpowiedź % Poprawnych
35 Kowale
88%
12 Wrocławski Park Przemysłowy
88%
28 Daszyńskiego
75%
23 Hala Targowa
75%
30 Kromera
75%
29 Mosty Warszawskie
75%
27 Nowowiejska
75%
5 Rogowska
75%
14 Smolecka
75%
13 Śrubowa
75%
7 Strzegomska ( Krzyżówka )
75%
18 Arkady Capitol
63%
19 Dworzec Główny
63%
15 Dworzec Świebodzki
63%
21 Galeria Dominikańska
63%
26 Jedności Narodowej
63%
8 Nowodworska
63%
11 Park Biznesu
63%
22 pl. Nowy Targ
63%
16 pl. Orląt Lwowskich
63%
6 Rogowska P+R
63%
9 Strzegomska 148
63%
1 Wrocław Nowy Dwór P+R
63%
3 Zemska
63%
10 Babimojska
50%
34 Bociania
50%
33 Gęsia
50%
31 Kętrzyńska
50%
32 Kwidzyńska
50%
25 Na Szańcach
50%
2 Park Tysiąclecia
50%
24 pl. Bema
50%
17 pl. Legionów
50%
20 Wzgórze Partyzantów
50%
4 Budziszyńska
38%
Nie znaleziono quizów pasujących do podanych kryteriów
Rozkład punktacji
Procent ludzi z każdym wynikiem
Percentyl według liczby udzielonych odpowiedzi
Twoja historia wyników
Nie rozwiązałeś tego quizu